000
00343nam a22001457a 4500
008
231101b ||||| |||| 00| 0 eng d
020
_a
9780521356015
041
_a
eng
080
_a
521
082
_a
521COL
100
_a
19
101
_a
ASTRO
245
_a
THE GOLEM WHAT EVERYONE SHOULD KNOW ABOUT SCIENCE
_c
COLLINS.H
942
_2
udc
_c
BK
999
_c
60482
_d
60482